000 00379nam a2200157Ia 4500
008 230711s9999||||xx |||||||||||||| ||und||
041 _aENG
082 _a624
_bRA-C
100 _aRaina,VK
245 0 _aConcrete bridge practice
250 _a1st
260 _c1988
_aNew Delhi
_bTata McGraw Hill Education Limited
300 _a418
650 _aCivil Engineering
942 _cBK
999 _c2446
_d2446